000 00348 a2200157 4500
001 66919
020 _a9788565206778
040 _cAnchieta - Pituba
100 _aFriedman, Mark
240 1 0 _aDiretos humanos
_lpor
245 1 0 _aDiretos humanos
300 _a64
362 0 _a2013
650 4 _aDireitos humanos / Direitos civis
942 _cBK
999 _c66919
_d66919